000 00517pab a2200169 454500
008 180718b2002 xxu||||| |||| 00| 0 eng d
100 _aAjzenstadt, Mimi
245 _aCrime, social control, and the process of social classification: juvenile delinquency/justice discourse in Israel, 1948-1970
260 _c2002
300 _ap.585-604.
362 _aNov
650 _aCrime - Israel
650 _aJuvenile delinquency - Israel
650 _aJuvenile delinquency
773 _aSocial Problems
909 _a55328
999 _c55328
_d55328